000 00787nam a22002417a 4500
003 OSt
005 20140310181738.0
008 130322t xxu||||| |||| 00| 0 eng d
020 _a0787938947
050 _aLB 3060.83
_b.T891 1998
082 _aTR 379.1
_bT79 1998
100 _aTucker, Marc S.
_9761
245 _aStandards for our schools :
_bhow to set them, measure them, and reach them /
_cMarc S. Tucker, Judy B. Codding.
250 _a1st ed.
260 _aSan Francisco, Calif. :
_bJossey-Bass Publishers,
_cc1998.
300 _axiii, 349 p. :
_bill. ;
_c24 cm.
521 _aFaculty
541 _j1
562 _e1
650 _aEducation
_xstandards
_xUnited States
_9762
650 _aEducational Accountability
_xUnited States
_9763
942 _2lcc
_cBK-TR
_kTR
999 _c2665
_d2665